000 00522nam a2200193Ia 4500
003 GCL
008 140319s9999 xx 000 0 ara d
040 _aGCL /
_cGCL
082 0 4 _a808.83
_bك م
100 1 _aنعيم عطية
245 1 0 _aالمسيح يصلب من جديد /
_cنعيم عطية
700 1 _aشوقى جلال
700 1 _aكازانتزاكس، نيقوس
300 _a574 ص
490 _a
650 0 4 _aالادب
650 0 4 _aالادب العالمى المترجم
942 _2ddc
_cBK
999 _c41085
_d41085